[Event "Brasschaat op 16th"]
[Site "Brasschaat"]
[Date "2016.08.26"]
[Round "7"]
[White "Du Pont, David"]
[Black "Hamblok, Roel"]
[Result "0-1"]
[WhiteElo "2017"]
[BlackElo "2308"]
[PlyCount "54"]
[EventDate "2016.08.20"]
[EventType "swiss"]
[EventRounds "9"]
[EventCountry "BEL"]
[SourceTitle "CBM 174 Extra"]
[Source "ChessBase"]
[SourceDate "2016.10.10"]
[SourceVersion "1"]
[SourceVersionDate "2016.10.10"]
[SourceQuality "1"]

1. Nf3 f5 2. d4 e6 3. h3 Nf6 4. Bf4 b6 5. e3 Bb7 6. Bd3 g6 7. 0-0 Bg7 8. c3 0-0 9. Nbd2 d6 10. a4 a5 11. Bh2 Ne4 12. Qb3 Qe7 13. Bc4 Re8 14. Nxe4 Bxe4 15. Nd2 Bb7 16. Rae1 Kh8 17. e4 fxe4 18. Nxe4 d5 19. Bb5 c6 20. Nd6 cxb5 21. Nxe8 Qxe8 22. Qxb5 Nd7 23. Bc7 Qc8 24. Bxb6 Ba6 25. Qxa5 Bxf1 26. Qb4 Bf8 27. Bc5 Nxc5 0-1

[Event "Brasschaat op 16th"]
[Site "Brasschaat"]
[Date "2016.08.23"]
[Round "4"]
[White "Du Pont, David"]
[Black "Van Riemsdijk, Herman Claudius"]
[Result "1-0"]
[WhiteElo "2017"]
[BlackElo "2318"]
[PlyCount "89"]
[EventDate "2016.08.20"]
[EventType "swiss"]
[EventRounds "9"]
[EventCountry "BEL"]
[SourceTitle "CBM 174 Extra"]
[Source "ChessBase"]
[SourceDate "2016.10.10"]
[SourceVersion "1"]
[SourceVersionDate "2016.10.10"]
[SourceQuality "1"]

1. Nf3 c5 2. e4 e6 3. c3 d5 4. d3 Nc6 5. Nbd2 Nf6 6. Be2 Be7 7. 0-0 0-0 8. a3 a5 9. a4 b6 10. Re1 Ba6 11. Qc2 Qc7 12. Bf1 Rfd8 13. Nb1 Ng4 14. Na3 c4 15. d4 Bxa3 16. Rxa3 e5 17. exd5 Rxd5 18. Qf5 Qc8 19. Qxc8+ Rxc8 20. h3 Nf6 21. Nxe5 Nxe5 22. Rxe5 Rxe5 23. dxe5 Nd7 24. Be3 Nxe5 25. Bxb6 Nc6 26. Ra2 h6 27. f4 Rb8 28. Bc5 Nd8 29. Ba3 Ne6 30. g3 g5 31. f5 Ng7 32. g4 Ne8 33. Ra1 Nf6 34. Rd1 Ne4 35. Rd4 Re8 36. Bxc4 Bxc4 37. Rxc4 Nd2 38. Rc6 Re2 39. Rb6 Nf3+ 40. Kf1 Rd2 41. Bd6 Kh7 42. c4 Rc2 43. c5 h5 44. c6 Nd2+ 45. Ke2 1-0

[Event "Ghent Taminco op 37th"]
[Site "Ghent"]
[Date "2014.07.21"]
[Round "6"]
[White "Szeberenyi, Adam"]
[Black "Du Pont, David"]
[Result "1-0"]
[WhiteElo "2316"]
[BlackElo "2073"]
[PlyCount "37"]
[EventDate "2014.07.19"]
[EventType "swiss"]
[EventRounds "9"]
[EventCountry "BEL"]
[SourceTitle "CBM 161 Extra"]
[Source "ChessBase"]
[SourceDate "2014.08.29"]
[SourceVersion "1"]
[SourceVersionDate "2014.08.29"]
[SourceQuality "1"]

1. d4 d5 2. c4 e6 3. Nc3 c5 4. cxd5 exd5 5. Nf3 Nc6 6. Bg5 f6 7. Bf4 g5 8. Be3 c4 9. g3 Bb4 10. Bg2 Nge7 11. 0-0 Be6 12. Bd2 Qd7 13. e4 Bxc3 14. Bxc3 0-0-0 15. e5 fxe5 16. Nxg5 Bg4 17. f3 Qf5 18. h4 exd4 19. Bxd4 1-0

[Event "BEL-chT 1314"]
[Site "Belgium"]
[Date "2013.09.29"]
[Round "2.6"]
[White "Akhayan, Ruben"]
[Black "Du Pont, David"]
[Result "1-0"]
[WhiteElo "2254"]
[BlackElo "2078"]
[PlyCount "75"]
[EventDate "2013.09.22"]
[EventType "team-tourn"]
[EventRounds "11"]
[EventCountry "BEL"]
[SourceTitle "CBM 156 Extra"]
[Source "ChessBase"]
[SourceDate "2013.10.22"]
[SourceVersion "1"]
[SourceVersionDate "2013.10.22"]
[SourceQuality "1"]
[WhiteTeam "Charleroi CREC"]
[BlackTeam "Deurne"]
[WhiteTeamCountry "BEL"]
[BlackTeamCountry "BEL"]

1. e4 e6 2. d4 d5 3. Nc3 dxe4 4. Nxe4 Bd7 5. Nf3 Bc6 6. Bd3 Nd7 7. c3 Ngf6 8. Ng3 Be7 9. 0-0 0-0 10. Re1 Bxf3 11. Qxf3 c6 12. h4 Re8 13. h5 h6 14. Bf4 Bf8 15. Rad1 Qa5 16. Bb1 Rad8 17. b4 Qd5 18. Qd3 b5 19. Qc2 Be7 20. a3 Nf8 21. Ba2 Qd7 22. Qe2 Nd5 23. Bd2 Bd6 24. Ne4 Nh7 25. Qf3 Nhf6 26. Nxf6+ Nxf6 27. Bxh6 Be7 28. Bd2 a5 29. h6 g6 30. Bf4 axb4 31. Be5 Nh7 32. axb4 Bd6 33. Bb1 Bf8 34. Qe3 Ra8 35. Rd3 Qd5 36. Qg3 Ra1 37. Rdd1 f5 38. Qxg6+ 1-0

[Event "BEL-chT 1213"]
[Site "Belgium"]
[Date "2012.10.07"]
[Round "2.8"]
[White "Du Pont, David"]
[Black "Coenen, Norbert"]
[Result "0-1"]
[WhiteElo "2086"]
[BlackElo "2327"]
[PlyCount "140"]
[EventDate "2012.09.23"]
[EventType "team-tourn"]
[EventRounds "11"]
[EventCountry "BEL"]
[SourceTitle "CBM 150 Extra"]
[Source "ChessBase"]
[SourceDate "2012.10.19"]
[SourceVersion "1"]
[SourceVersionDate "2012.10.19"]
[SourceQuality "1"]
[WhiteTeam "Deurne"]
[BlackTeam "Eynatten"]
[WhiteTeamCountry "BEL"]
[BlackTeamCountry "BEL"]

1. d4 Nf6 2. Nc3 d5 3. Bg5 Bf5 4. e3 e6 5. Bd3 c6 6. Nf3 Be7 7. 0-0 0-0 8. Ne2 Ne4 9. Bxe7 Qxe7 10. Ng3 Nd7 11. c4 Bg6 12. Qb1 Nxg3 13. hxg3 dxc4 14. Bxg6 hxg6 15. Rc1 b5 16. b3 cxb3 17. Rxc6 bxa2 18. Qxb5 Rfb8 19. Qa4 Rb2 20. Rcc1 Nb6 21. Qa6 Nd5 22. Rxa2 Rxa2 23. Qxa2 a5 24. Ne5 a4 25. Nd3 a3 26. Rc4 Qa7 27. Nc5 Qa5 28. Ra4 Qe1+ 29. Kh2 Rxa4 30. Nxa4 Qb4 31. Nc5 Qb2 32. Qb3 Qxf2 33. Qxa3 Nxe3 34. Qa8+ Kh7 35. Qf3 Qxf3 36. gxf3 Nf5 37. Nb3 g5 38. Kg2 Kg6 39. Kf2 Ne7 40. Nd2 Nd5 41. g4 f6 42. Ne4 Kf7 43. Ke2 Ke7 44. Kd3 Nb6 45. Kc3 Kd7 46. Kd3 Kc6 47. Ng3 Nd5 48. Kc4 Nf4 49. Ne4 Ng2 50. Nc5 Kd6 51. Ne4+ Kd7 52. Kc5 Ne1 53. Nd2 Nd3+ 54. Kc4 Nf4 55. Ne4 Kc6 56. Nc5 f5 57. Nxe6 Nxe6 58. d5+ Kd6 59. dxe6 Kxe6 60. Kd4 g6 61. gxf5+ Kxf5 62. Ke3 g4 63. Kf2 Kf4 64. fxg4 Kxg4 65. Kg2 g5 66. Kg1 Kg3 67. Kh1 g4 68. Kg1 Kf3 69. Kf1 g3 70. Kg1 g2 0-1

[Event "Roosendaal op"]
[Site "Roosendaal"]
[Date "2010.08.28"]
[Round "4"]
[White "Haast, Mark"]
[Black "Du Pont, David"]
[Result "1/2-1/2"]
[WhiteElo "2194"]
[BlackElo "2078"]
[PlyCount "29"]
[EventDate "2010.08.27"]
[EventType "swiss"]
[EventRounds "6"]
[EventCountry "NED"]
[SourceTitle "CBM 138 Extra"]
[Source "ChessBase"]
[SourceDate "2010.10.29"]
[SourceVersion "1"]
[SourceVersionDate "2010.10.29"]
[SourceQuality "1"]

1. Nf3 c5 2. b3 Nc6 3. Bb2 d6 4. e3 e5 5. d4 cxd4 6. exd4 e4 7. Nfd2 d5 8. c4 Nf6 9. cxd5 Qxd5 10. Bc4 Qg5 11. Kf1 Bg4 12. Qe1 Bb4 13. Nxe4 Nxe4 14. Qxe4+ Kf8 15. h4 1/2-1/2

[Event "Brasschaat op 08th"]
[Site "Brasschaat"]
[Date "2008.08.18"]
[Round "3"]
[White "Du Pont, David"]
[Black "Docx, Stefan"]
[Result "0-1"]
[WhiteElo "2108"]
[BlackElo "2385"]
[PlyCount "80"]
[EventDate "2008.08.16"]
[EventType "swiss"]
[EventRounds "9"]
[EventCountry "BEL"]
[SourceTitle "EXT 2017"]
[Source "ChessBase"]
[SourceDate "2016.10.25"]
[SourceVersion "1"]
[SourceVersionDate "2016.10.25"]
[SourceQuality "1"]

1. d4 Nf6 2. Nf3 g6 3. Nc3 Bg7 4. e4 d6 5. Be3 c6 6. Qd2 0-0 7. Bd3 Nbd7 8. Ne2 e5 9. c3 d5 10. Ng3 dxe4 11. Nxe4 Nxe4 12. Bxe4 f5 13. Bg5 Qe8 14. Bc2 exd4+ 15. Kf1 dxc3 16. bxc3 Nc5 17. Re1 Ne4 18. Bxe4 fxe4 19. h4 Qe6 20. Bh6 Qc4+ 21. Kg1 Qxc3 22. Qxc3 Bxc3 23. Rxe4 Bf5 24. Re7 Rf7 25. Re3 Bf6 26. Kh2 Re7 27. Rhe1 Rae8 28. Rxe7 Rxe7 29. Rd1 Re8 30. Rd6 Be7 31. Rd2 Bb4 32. Rb2 a5 33. g3 b5 34. Rb3 Re2 35. a3 Rxf2+ 36. Kh1 Bc5 37. Ng5 Bd4 38. g4 Bxg4 39. Rb1 Be2 40. Rc1 Rf1+ 0-1

[Event "BEL-ch opB"]
[Site "Westerlo"]
[Date "2004.07.??"]
[Round "6"]
[White "Lagrain, Jan"]
[Black "Du Pont, David"]
[Result "1/2-1/2"]
[WhiteElo "2013"]
[BlackElo "2097"]
[PlyCount "35"]
[EventDate "2004.07.??"]
[EventType "swiss"]
[EventRounds "9"]
[EventCountry "BEL"]
[SourceTitle "EXT 2005"]
[Source "ChessBase"]
[SourceDate "2004.11.15"]
[SourceVersion "1"]
[SourceVersionDate "2004.11.15"]
[SourceQuality "1"]

1. e4 c5 2. Nf3 Nc6 3. Bb5 g6 4. Bxc6 dxc6 5. d3 Bg7 6. h3 e5 7. Nc3 Qe7 8. Be3 Nf6 9. Qd2 Nd7 10. Bh6 f6 11. Nh2 g5 12. Ng4 Nf8 13. Bxg7 Qxg7 14. Ne3 Ne6 15. Nf5 Qc7 16. 0-0-0 Nd4 17. g4 Be6 18. h4 1/2-1/2

[Event "Vlaams-ch"]
[Site "Bilzen"]
[Date "2004.05.29"]
[Round "5"]
[White "Du Pont, David"]
[Black "De Reymaeker, Walter"]
[Result "1/2-1/2"]
[WhiteElo "2097"]
[BlackElo "1998"]
[PlyCount "39"]
[EventDate "2004.05.20"]
[EventType "swiss"]
[EventRounds "7"]
[EventCountry "BEL"]
[SourceTitle "EXT 2006"]
[Source "ChessBase"]
[SourceDate "2005.11.24"]
[SourceVersion "1"]
[SourceVersionDate "2005.11.24"]
[SourceQuality "1"]

1. d4 Nf6 2. Bg5 g6 3. Bxf6 exf6 4. e3 Bg7 5. Bd3 0-0 6. Ne2 d5 7. 0-0 f5 8. Nf4 c6 9. c4 dxc4 10. Bxc4 c5 11. Nc3 cxd4 12. exd4 Qxd4 13. Qxd4 Bxd4 14. Nb5 Be5 15. Nd5 Nc6 16. f4 Bxb2 17. Rab1 Bd4+ 18. Nxd4 Nxd4 19. Nc7 Rb8 20. Na6 1/2-1/2

[Event "Vlaams-ch"]
[Site "Bilzen"]
[Date "2004.05.22"]
[Round "3"]
[White "Du Pont, David"]
[Black "Sarrau, Jelle"]
[Result "1-0"]
[WhiteElo "2097"]
[BlackElo "1549"]
[PlyCount "69"]
[EventDate "2004.05.20"]
[EventType "swiss"]
[EventRounds "7"]
[EventCountry "BEL"]
[SourceTitle "EXT 2006"]
[Source "ChessBase"]
[SourceDate "2005.11.24"]
[SourceVersion "1"]
[SourceVersionDate "2005.11.24"]
[SourceQuality "1"]

1. d4 Nf6 2. c4 g6 3. Nc3 Bg7 4. e4 d6 5. f4 0-0 6. Nf3 Nbd7 7. e5 Ne8 8. Be2 c5 9. exd6 Nxd6 10. d5 Nf5 11. 0-0 Nd4 12. Nxd4 Bxd4+ 13. Kh1 a6 14. Bf3 Nb6 15. Ne2 Bg7 16. Qb3 e6 17. Be3 exd5 18. cxd5 Nd7 19. Rac1 b6 20. a4 a5 21. Nc3 c4 22. Qxc4 Ba6 23. Nb5 Rc8 24. Qa2 Qe7 25. Bg1 Qb4 26. Rfd1 Qxf4 27. Rxc8 Rxc8 28. d6 Bxb5 29. axb5 Bf8 30. Bc6 Rd8 31. Qd5 Nf6 32. Qf3 Qxf3 33. gxf3 Rb8 34. h3 Nh5 35. Bh2 1-0

[Event "Vlaams-ch"]
[Site "Bilzen"]
[Date "2004.05.20"]
[Round "1"]
[White "Du Pont, David"]
[Black "De Vet, Sylvin"]
[Result "1-0"]
[WhiteElo "2097"]
[BlackElo "1676"]
[PlyCount "73"]
[EventDate "2004.05.20"]
[EventType "swiss"]
[EventRounds "7"]
[EventCountry "BEL"]
[SourceTitle "EXT 2006"]
[Source "ChessBase"]
[SourceDate "2005.11.24"]
[SourceVersion "1"]
[SourceVersionDate "2005.11.24"]
[SourceQuality "1"]

1. d4 d5 2. Nf3 Nf6 3. c4 c6 4. Qc2 g6 5. Bf4 Bf5 6. Qb3 Qb6 7. e3 Qxb3 8. axb3 Bg7 9. c5 Nh5 10. Be5 Nd7 11. Bxg7 Nxg7 12. Nc3 0-0 13. h3 e5 14. b4 exd4 15. Nxd4 a6 16. Be2 Ne5 17. Kd2 Be6 18. b3 Rad8 19. Bd1 f5 20. Nce2 Bc8 21. Bc2 Rde8 22. Rae1 Nd7 23. Nf4 Nf6 24. f3 Ne6 25. Nfxe6 Bxe6 26. g4 fxg4 27. hxg4 Bc8 28. Bd3 Re7 29. Ne2 Rfe8 30. Nf4 Kg7 31. Rh2 d4 32. e4 Nd7 33. Reh1 Ne5 34. Rxh7+ Kf6 35. Be2 Rxh7 36. Rxh7 g5 37. Nd3 1-0